| 000 | 01142nam a2200169Ia 4500 | ||
|---|---|---|---|
| 008 | 090711s9999 xx 000 0 und d | ||
| 082 | _b31893 | ||
| 100 | _aभागवत लीलावती / परांजपे सई / दास मनोज | ||
| 245 | _a"स्वर्गाSाी सहल व अन्य कहाण्या, जादूSाा शंख, भटक्याSो भविष्य, सुरस कहाण्या" | ||
| 260 | _c1970 | ||
| 300 | _a171 | ||
| 600 | _aभागवत लीलावती / परांजपे सई / दास मनोज | ||
| 630 | _a"स्वर्गाSाी सहल व अन्य कहाण्या, जादूSाा शंख, भटक्याSो भविष्य, सुरस कहाण्या" | ||
| 700 | _aभागवत लीलावती / परांजपे सई / दास मनोज | ||
| 730 | _a"स्वर्गाSाी सहल व अन्य कहाण्या, जादूSाा शंख, भटक्याSो भविष्य, सुरस कहाण्या" | ||
| 942 | _cBOOK | ||
| 999 |
_c333054 _d333054 |
||